| 000 | 00619nam a2200205 i 4500 | ||
|---|---|---|---|
| 001 | 58041 | ||
| 003 | ES-MaACL | ||
| 005 | 20230906163719.0 | ||
| 007 | t| | ||
| 008 | 031020s1972 sp ||||1| spa d | ||
| 100 | 1 |
_aDunphy, William. _946069 |
|
| 245 | 1 | 3 |
_aLa nueva moral _b: continuidad o discontinuidad / _cWilliam Dunphy ; [tradujo José L. Alvarez]. |
| 260 |
_aSalamanca : _bSígueme, _c1972. |
||
| 300 |
_a178 p. ; _c21 cm. |
||
| 490 | 1 |
_aNueva alianza ; _v45 |
|
| 700 | 1 |
_aAlvarez, José L. _920648 |
|
| 830 | 0 |
_aNueva alianza ; _v45 _9181320 |
|
| 852 |
_aES-MaACL _jC-47375 _bR.82480 |
||
| 999 |
_c58041 _d58041 |
||